000 00890nam a2200277 i 4500
001 bg
100 1 _aGÄRTNER, Detlev
245 0 _aDeutschland, Österreich, Schweiz :
_bein Lesebuch zu landeskundlichen Fragen /
_chrsg. von Detlev Gärtner und Mirosław Ossowski.
250 _aWyd. 2.
260 _aRzeszów :
_b"Fosze",
_c1995.
300 _a284 s. ;
_c24 cm.
650 9 _aJęzyk niemiecki
651 9 _aNiemcy
_xhistoria
651 9 _aSzwajcaria
_xhistoria
651 9 _aAustria
_xhistoria
655 _aPodręczniki
700 1 _aOSSOWSKI, Mirosław
020 _a8386282452
040 _cBPK
041 0 _ager
080 _a811.112.2(07):94(430)+94(494)+94(436)
920 _a83-86282-45-2
942 _cKS
008 s pl f |000 0 pol
999 _c44772
_d44772
856 _uhttp://koha.tu.koszalin.pl/cgi-bin/koha/opac-detail.pl?biblionumber=44772
_yKatalog online BPK